Kytovci /

Hlavní autor: Mazák, Vratislav, 1937-1987
Další autoři: Procházka, Otakar, Skořepa, Jan, 1950-
Jazyk: Čeština
Vydáno: Praha : SZN, 1988
Vydání: 1. vyd.
Edice: Zvířata celého světa
Témata:
Externí odkaz: Digitalizovaný dokument
Fyzický popis: 307 s. : il. (některé barev.) ; 19 cm
Knihy
Uloženo v:
LEADER 01276nam a22003252a 4500
001 000101724
003 CZ BrMZK
005 20240222102447.0
007 ta
008 950101s1988 xr a f 000 0 cze d
015 |a cnb000038593 
020 |q (Brož.) :  |c Kčs 22,00 
040 |a ABA001  |b cze  |d ABA001 
080 9 |a 599.5-1 
100 1 |a Mazák, Vratislav,  |d 1937-1987  |7 jk01080980  |4 aut  |4 ill 
245 1 0 |a Kytovci /  |c Vratislav Mazák ; il. V. Mazák, Jan Skořepa, Otakar Procházka 
250 |a 1. vyd. 
260 |a Praha :  |b SZN,  |c 1988 
300 |a 307 s. :  |b il. (některé barev.) ;  |c 19 cm 
490 1 |a Zvířata celého světa ;  |v sv. 12 
500 |a Použité pasáže z románu Bílá velryba přel. Marie Kronelová a St. V. Klíma 
504 |a Obsahuje bibliografii 
655 7 |a populárně-naučné publikace  |7 fd131864  |2 czenas 
700 1 |a Procházka, Otakar  |7 jx20040907021  |4 ill 
700 1 |a Skořepa, Jan,  |d 1950-  |7 jo2005267808  |4 ill 
830 0 |a Zvířata celého světa  |0 s 
856 4 1 |u http://www.digitalniknihovna.cz/mzk/uuid/uuid:f6c4dac0-42ef-11e3-9c86-005056827e51  |y Digitalizovaný dokument  |x NDK 
910 |a BOA001  |b 1-0931.168 
990 |a BK 
996 6 |b 2619995161  |c 1-0931.168  |l MZK  |r Sklad / do 1 hodiny  |n 10  |w 000101724  |u 000010  |a 1  |e BOA001  |j MZK50  |s P